• Hartzenbusch, Juan Eugenio,

di Personal Name

Records bibliografici associati: 5

001 - CONTROL NUMBER

  • control field: 16350

003 - CONTROL NUMBER IDENTIFIER

  • control field: IT-RoINE

005 - DATE AND TIME OF LATEST TRANSACTION

  • control field: 20150130154638.0

008 - FIXED-LENGTH DATA ELEMENTS

  • fixed length control field: 150130|| aca||aabn | a|a d

040 ## - CATALOGING SOURCE

  • Original cataloging agency: IT-RoINE
  • Transcribing agency: IT-RoINE

100 ## - HEADING--PERSONAL NAME

  • Personal name: Hartzenbusch, Juan Eugenio,
  • Dates associated with a name: 1806-1880

670 ## - SOURCE DATA FOUND

  • Source citation: Work cat.: (IT-RoINE)0: Molina, Tirso de, 1579-1648 4819, Comedias escogidas de Fray Gabriel Téllez (El maestro Tirso de Molina) /, 1944.